[Event "Ostrava op-A"]
[Site "Ostrava"]
[Date "2003.05.09"]
[Round "8"]
[White "Melecky, Jaroslav"]
[Black "Jahn, Richard"]
[Result "1-0"]
[WhiteElo "2080"]
[BlackElo "1865"]
[PlyCount "67"]
[EventDate "2003.05.03"]
[EventType "swiss"]
[EventRounds "10"]
[EventCountry "CZE"]
[SourceTitle "EXT 2006"]
[Source "ChessBase"]
[SourceDate "2005.11.24"]
[SourceVersion "1"]
[SourceVersionDate "2005.11.24"]
[SourceQuality "1"]

1. e4 e6 2. d4 d5 3. Nd2 Nf6 4. e5 Nfd7 5. Bd3 c5 6. c3 Nc6 7. Ne2 cxd4 8. cxd4 f6 9. exf6 Qxf6 10. Nf3 h6 11. 0-0 Bd6 12. Ng3 0-0 13. a3 Kh8 14. Bc2 Rd8 15. Qd3 Nf8 16. Bd2 Bd7 17. Bc3 Be8 18. Rae1 Bg6 19. Qd1 Bxc2 20. Qxc2 Ng6 21. Qb3 Rd7 22. Re3 Rf8 23. Rfe1 Nf4 24. Qc2 Rc7 25. Qd2 Rcc8 26. a4 g5 27. Ne4 Qe7 28. Nxd6 Qxd6 29. Ne5 Nxe5 30. Rxe5 Rce8 31. Bb4 Qa6 32. Bxf8 Nd3 33. Bxh6 Nxe5 34. dxe5 1-0

[Event "Ostrava op-A"]
[Site "Ostrava"]
[Date "2003.05.07"]
[Round "6"]
[White "Jahn, Richard"]
[Black "Holeksa, Zdenek"]
[Result "0-1"]
[WhiteElo "1865"]
[BlackElo "2112"]
[PlyCount "76"]
[EventDate "2003.05.03"]
[EventType "swiss"]
[EventRounds "10"]
[EventCountry "CZE"]
[SourceTitle "EXT 2006"]
[Source "ChessBase"]
[SourceDate "2005.11.24"]
[SourceVersion "1"]
[SourceVersionDate "2005.11.24"]
[SourceQuality "1"]

1. e4 c5 2. c3 d5 3. exd5 Qxd5 4. d4 Nf6 5. Nf3 Bg4 6. Be2 e6 7. 0-0 Nc6 8. h3 Bh5 9. Be3 cxd4 10. cxd4 Bb4 11. Nc3 Qa5 12. Qb3 0-0 13. a3 Bxc3 14. bxc3 Qc7 15. g4 Bg6 16. c4 Rfd8 17. Rfd1 Rac8 18. Rac1 Be4 19. Ng5 Na5 20. Qb4 Bc6 21. h4 b6 22. Nh3 Qb7 23. g5 Bf3 24. Qe1 Ng4 25. Nf4 Qe4 26. Bd3 Qb7 27. Be2 Nxe3 28. fxe3 Bxe2 29. Qxe2 Qe4 30. Ng2 Rd7 31. Rc3 Rdc7 32. Rdc1 Nc6 33. Qf2 Ne7 34. Qe2 Nf5 35. Qf2 Nd6 36. Qe2 Nb5 37. R3c2 Nxa3 38. Ra2 Nxc4 0-1